000 01171nam a2200337 a 4500
001 000116255
003 CHAP
005 20220329144608.0
008 191015s2018 mx a |r| |||||||spa d
010 _a112716
011 _a113688
020 _a9786071205353
040 _cCHAP
090 _aFolleto 18502
100 1 _aLópez Hernández, Héctor.
_9137061
245 1 0 _aImpacto de hemileia vastatrix en el cultivo orgánico del café /
_cpor Héctor López Hernández y Pablo Iván Lara Maturano.
260 _aMexico :
_bUACH.
_bCENACAFE.
_bUNAM.,
_c2018.
300 _a32 p. :
_bil.
490 _aCENACAFE. Investigación y trasferencia de tecnología
590 _aBATCH-UPD
_b05
_c20191015
_lUCH01
_h1021
590 _aE5765TAJ
_b05
_c20191015
_lUCH01
_h1020
590 _aE5765TAJ
_b05
_c20191015
_lUCH01
_h1034
650 1 4 _aCafé
_xEnfermedades por hongos.
_917139
650 1 4 _aControl biológico de hongos.
_927580
650 1 4 _aRoya del café
_xControl biológico.
_9134394
700 1 _aLara Maturano, Pablo Iván.
_9137062
830 0 _aCENACAFE. Investigación y trasferencia de tecnología
_9135287
901 _aBK
942 _cFOLL
942 _n0
999 _c112716
_d112716